Buddy Holly Albums Tile Select - Statistics

General Stats
  • This quiz has been taken 16 times
  • The average score is 17 of 27
Answer Stats
Question Tile Select % Correct
the following songs that are on The "Chirping" Crickets (1957). Listen to Me No
80%
the following songs that are on The "Chirping" Crickets (1957). That'll Be the Day Yes
80%
the following songs that are on The "Chirping" Crickets (1957). Blue Days, Black Nights No
73%
the following songs that are on Buddy Holly (1958). Everyday Yes
73%
the following songs that are on The "Chirping" Crickets (1957). Look at Me No
73%
the following songs that are on The "Chirping" Crickets (1957). Midnight Shift No
73%
the following songs that are on The "Chirping" Crickets (1957). Not Fade Away Yes
73%
the following songs that are on Buddy Holly (1958). Rave On Yes
73%
the following songs that are on Buddy Holly (1958). Tell Me How No
73%
the following songs that are on That'll Be the Day (1958). Don't Come Back Knockin' Yes
67%
the following songs that are on Buddy Holly (1958). Peggy Sue Yes
67%
the following songs that are on That'll Be the Day (1958). Ting a Ling Yes
67%
the following songs that are on Buddy Holly (1958). Valley of Tears Yes
67%
the following songs that are on Buddy Holly (1958). You've Got Love No
67%
the following songs that are on Buddy Holly (1958). I''m Changing All Those Changes No
60%
the following songs that are on That'll Be the Day (1958). I'm Looking for Someone to Love No
60%
the following songs that are on That'll Be the Day (1958). Little Baby No
60%
the following songs that are on The "Chirping" Crickets (1957). Maybe Baby Yes
60%
the following songs that are on Buddy Holly (1958). Modern Don Juan No
60%
the following songs that are on The "Chirping" Crickets (1957). Oh, Boy! Yes
60%
the following songs that are on That'll Be the Day (1958). You're So Square (Baby I Don't Care) No
60%
the following songs that are on That'll Be the Day (1958). It's Too Late No
53%
the following songs that are on That'll Be the Day (1958). Love Me Yes
53%
the following songs that are on The "Chirping" Crickets (1957). Rock Me My Baby Yes
47%
the following songs that are on Buddy Holly (1958). Words of Love Yes
47%
the following songs that are on That'll Be the Day (1958). Girl on My Mind Yes
40%
the following songs that are on That'll Be the Day (1958). You Are My One Desire Yes
40%
No matching quizzes found
Score Distribution
Percent of People with Each Score
Percentile by Number Answered
Your Score History
You have not taken this quiz